| 000 | 00516cam a2200217ua 4500 | ||
|---|---|---|---|
| 020 | _c100.00 (PB) | ||
| 041 |
_aeng _h |
||
| 082 |
_a633.368 _bRED/GR |
||
| 100 |
_aReddy , P S . _95947 |
||
| 245 | 0 | 0 |
_aGround nut / _cP S Reddy. _hTextual Documents |
| 250 |
_a1 / _b. |
||
| 260 |
_aNew Delhi : _bIndian Council of Agricultural Research , _c1988. |
||
| 300 | _a583 ; . | ||
| 365 | _a100.00 | ||
| 504 | _a | ||
| 650 |
_aCrop Science _95948 |
||
| 942 | _cBK | ||
| 999 |
_c32 _d32 |
||
| 003 | @ | ||
| 003 | OSt | ||